000
00258nam a2200097Ia 4500
001
1047828
005
20250826232243.0
008
250824s9999 xx 000 0 und d
245
0
_a
ÖZGÜRLÜĞE KAÇIŞIM
_c
ALİYA İZZETBEGOVİÇ
260
_b
KETEBE YAYINLARI
999
_c
1047828
_d
1047828